00848nam a22002297a 450000500170000001000140001702000260003103500130005703700130007008200110008310000230009424501510011726000380026827000450030630000310035165000340038265000250041670000090044194200250045099900170047595201260049220100807155518.0 aENG-98955 c165.00a9788183333504 aEN-82487 bDBAD/PUB a005.71 aJain, Satish91584 aData communication and network technologies :cby Satish Jain...[et.al]bbased on DOEACC 'A' level revised syllabus of year 2010 for A9-R4 paper / aNew DelhibBPB Publicationsc2010 aB-14, Connaught PlacebNew Delhie110001 aix, 318 p. c28 cm. (Pbk) aComputer communication 99648 aDOEACC A level99649 97380 2ddccENh005.71mJAI c40199d40199 001040718NFICaDBADbDBADd2010-08-07g165.00l0o005.71 JANpEN-82487r2010-08-07 00:00:00t1v165.00w2010-08-07yEN